Economic issues of Assam (Record no. 9072)

MARC details
000 -LEADER
fixed length control field 00721cam a2200265ua 4500
001 - CONTROL NUMBER
control field 10081
005 - DATE AND TIME OF LATEST TRANSACTION
control field 20260515114549.0
008 - FIXED-LENGTH DATA ELEMENTS--GENERAL INFORMATION
fixed length control field 170329n ii |||gr||||Z||||||eng
020 ## - INTERNATIONAL STANDARD BOOK NUMBER
International Standard Book Number 9789382750765
040 ## - CATALOGING SOURCE
Transcribing agency MAIN
041 ## - LANGUAGE CODE
Language code of text/sound track or separate title eng
082 ## - DEWEY DECIMAL CLASSIFICATION NUMBER
Classification number 330.954162
100 ## - MAIN ENTRY--PERSONAL NAME
Personal name Phukan, Sanjib Kumar,
Relator term Author.
245 ## - TITLE STATEMENT
Title Economic issues of Assam
Statement of responsibility, etc. By Sanjib Kumar Phukan and others
250 ## - EDITION STATEMENT
Edition statement 1st ed.
260 ## - PUBLICATION, DISTRIBUTION, ETC.
Place of publication, distribution, etc. Dibrugarh:
Name of publisher, distributor, etc. Banalata,
Date of publication, distribution, etc. 2015.
300 ## - PHYSICAL DESCRIPTION
Extent 135p.
653 ## - INDEX TERM--UNCONTROLLED
Uncontrolled term Economics
653 ## - INDEX TERM--UNCONTROLLED
Uncontrolled term Economy of Assam
700 ## - ADDED ENTRY--PERSONAL NAME
Personal name Sarma, Jharna,
Relator term Author.
700 ## - ADDED ENTRY--PERSONAL NAME
Personal name Machey, Ashwini,
Relator term Author.
700 ## - ADDED ENTRY--PERSONAL NAME
Personal name Buragohain, Pranjal Pratim,
Relator term Author.
700 ## - ADDED ENTRY--PERSONAL NAME
Personal name Lahon, Ratan Kumar,
Relator term Author.
942 ## - ADDED ENTRY ELEMENTS (KOHA)
Koha item type Books
Holdings
Withdrawn status Lost status Damaged status Not for loan Home library Current library Shelving location Date acquired Total checkouts Full call number Barcode Date last seen Date last checked out Copy number Price effective from Koha item type
        Naharkatiya College Library Naharkatiya College Library General stacks 09/19/2020 3 330.954162oECO 23700 02/10/2025 01/22/2025 1 09/19/2020 Books
        Naharkatiya College Library Naharkatiya College Library General stacks 09/19/2020 1 330.954162oECO 23701 09/18/2021 08/24/2021 2 09/19/2020 Books